[Event "Kanoni Easter op 1st"]
[Site "Kanoni"]
[Date "2019.05.03"]
[Round "6"]
[White "Skalkotas, Nikolaos"]
[Black "Papageorgiou, Ioannis2222"]
[Result "1-0"]
[WhiteElo "2056"]
[BlackElo "1979"]
[PlyCount "51"]
[EventDate "2019.04.29"]
[EventType "swiss"]
[EventRounds "9"]
[EventCountry "GRE"]
[SourceTitle "CBM 190 Extra"]
[Source "ChessBase"]
[SourceDate "2019.07.15"]
[SourceVersion "1"]
[SourceVersionDate "2019.07.15"]
[SourceQuality "1"]

1. d4 Nf6 2. Nf3 d5 3. c4 e6 4. g3 Bb4+ 5. Bd2 Be7 6. Bg2 0-0 7. 0-0 Nbd7 8. Qc2 Re8 9. Bg5 h6 10. Bxf6 Nxf6 11. Nbd2 Bd7 12. Ne5 Rc8 13. c5 Bb5 14. c6 Rb8 15. Nb3 bxc6 16. Na5 Rb6 17. a4 Ba6 18. Naxc6 Qa8 19. Rfc1 Bd6 20. b4 Bxb4 21. a5 Rb7 22. Nxb4 Rxb4 23. Qxc7 Rxd4 24. Qxf7+ Kh8 25. Rc7 Rg8 26. Qg6 1-0

[Event "GRE-chT 46th"]
[Site "Rio Achaia"]
[Date "2018.07.13"]
[Round "5.16"]
[White "Trimitzios, Petros"]
[Black "Skalkotas, Nikolaos"]
[Result "1-0"]
[WhiteElo "2300"]
[BlackElo "2044"]
[PlyCount "77"]
[EventDate "2018.07.10"]
[EventType "team"]
[EventRounds "7"]
[EventCountry "GRE"]
[SourceTitle "CBM 185 Extra"]
[Source "ChessBase"]
[SourceDate "2018.07.29"]
[SourceVersion "1"]
[SourceVersionDate "2018.07.29"]
[SourceQuality "1"]
[WhiteTeam "Papagou AS"]
[BlackTeam "Panellinios GA"]
[WhiteTeamCountry "GRE"]
[BlackTeamCountry "GRE"]

1. Nf3 Nf6 2. g3 b6 3. Bg2 Bb7 4. 0-0 g6 5. b3 Bg7 6. Bb2 0-0 7. d4 c5 8. c4 cxd4 9. Qxd4 d6 10. Nc3 Nbd7 11. Qd2 Ne4 12. Nxe4 Bxb2 13. Qxb2 Bxe4 14. Rfd1 Nf6 15. Nd2 Bxg2 16. Kxg2 Qc8 17. e4 Qb7 18. f3 Rac8 19. Rac1 a6 20. Nf1 b5 21. Ne3 Rfd8 22. Qd4 Rd7 23. Rc2 Qa7 24. Qxa7 Rxa7 25. Rdc1 b4 26. c5 Rxc5 27. Rxc5 dxc5 28. Rxc5 Rd7 29. Nc4 Rd1 30. Ra5 Rc1 31. Ne3 Nd7 32. Nd5 Rc2+ 33. Kh3 h5 34. Nxe7+ Kg7 35. Nd5 Rf2 36. f4 g5 37. fxg5 Ne5 38. Nf4 h4 39. Rxe5 1-0

[Event "Athens Georgiou Memorial 3rd"]
[Site "Athens"]
[Date "2017.05.06"]
[Round "7"]
[White "Drakoulakos, Grigorios"]
[Black "Skalkotas, Nikolaos"]
[Result "1-0"]
[WhiteElo "2180"]
[BlackElo "2080"]
[PlyCount "59"]
[EventDate "2017.03.11"]
[EventType "swiss"]
[EventRounds "7"]
[EventCountry "GRE"]
[SourceTitle "EXT 2024"]
[Source "ChessBase"]
[SourceDate "2023.10.10"]
[SourceVersion "1"]
[SourceVersionDate "2023.10.10"]
[SourceQuality "1"]

1. e4 c6 2. Nc3 e5 3. Nf3 d6 4. d4 Nd7 5. Bc4 f6 6. h3 g6 7. 0-0 Nh6 8. Be3 Nf7 9. a4 a5 10. Qd2 Qe7 11. Rad1 Bg7 12. Nh2 0-0 13. f4 Kh8 14. Ba2 exf4 15. Bxf4 b6 16. Rfe1 Ba6 17. Nf3 Rad8 18. Nb1 Nde5 19. Nh2 g5 20. Bg3 Ng6 21. Na3 h5 22. Nc4 Bh6 23. Qc3 g4 24. h4 Bf4 25. Nf1 Qc7 26. Nce3 Rde8 27. Nd5 Qd8 28. Nxf4 Nxf4 29. Bxf4 Bxf1 30. Rxf1 1-0

[Event "Ambelokipi op 163th"]
[Site "Athens"]
[Date "2017.03.29"]
[Round "5"]
[White "Skalkotas, Nikolaos"]
[Black "Poulos, Georgios"]
[Result "0-1"]
[WhiteElo "2080"]
[BlackElo "2035"]
[PlyCount "107"]
[EventDate "2017.03.01"]
[EventType "swiss"]
[EventRounds "7"]
[EventCountry "GRE"]
[SourceTitle "EXT 2024"]
[Source "ChessBase"]
[SourceDate "2023.10.10"]
[SourceVersion "1"]
[SourceVersionDate "2023.10.10"]
[SourceQuality "1"]

1. d4 Nf6 2. Nf3 g6 3. g3 Bg7 4. Bg2 0-0 5. 0-0 d5 6. c4 dxc4 7. Na3 Nc6 8. Nxc4 Be6 9. b3 Bd5 10. Bb2 a5 11. Rc1 a4 12. bxa4 Ra6 13. Nce5 Qa8 14. a3 Rxa4 15. Rc5 Rd8 16. Qc1 Ne4 17. Rc2 Nd6 18. Nxc6 bxc6 19. Ne1 Nc4 20. e4 Be6 21. Nd3 Nxb2 22. Nxb2 Raxd4 23. Rxc6 Qxa3 24. Nd1 Qxc1 25. Rxc1 c5 26. Ne3 c4 27. Nd5 Bxd5 28. exd5 Rc8 29. Rfd1 Rxd1+ 30. Rxd1 c3 31. Be4 Bh6 32. Bc2 Bd2 33. Ra1 Rc5 34. Kf1 Rxd5 35. Ke2 Rh5 36. h4 Re5+ 37. Kd3 f5 38. Rg1 Kg7 39. Rh1 Re4 40. h5 e5 41. hxg6 hxg6 42. Rg1 Kf6 43. Rf1 Rb4 44. f3 Kg5 45. Ke2 Rb2 46. Kd1 Rb4 47. Ke2 e4 48. fxe4 fxe4 49. Rb1 Rd4 50. Rb6 Bc1 51. Bb3 Rd2+ 52. Ke1 Rb2 53. Kd1 Be3 54. Rb4 0-1

[Event "Athens ChessSquare New Year"]
[Site "Athens"]
[Date "2017.01.06"]
[Round "7"]
[White "Skalkotas, Nikolaos"]
[Black "Gantis, Konstantinos"]
[Result "1/2-1/2"]
[WhiteElo "2077"]
[BlackElo "2022"]
[PlyCount "96"]
[EventDate "2017.01.01"]
[EventType "swiss"]
[EventRounds "9"]
[EventCountry "GRE"]
[SourceTitle "EXT 2024"]
[Source "ChessBase"]
[SourceDate "2023.10.10"]
[SourceVersion "1"]
[SourceVersionDate "2023.10.10"]
[SourceQuality "1"]

1. Nf3 e6 2. c4 f5 3. g3 Nf6 4. Bg2 Be7 5. 0-0 0-0 6. b3 d6 7. Nc3 e5 8. d4 e4 9. Ne1 c6 10. d5 Nbd7 11. Nc2 Ne5 12. f3 exf3 13. exf3 Qa5 14. Bd2 f4 15. Na4 Qc7 16. Bxf4 cxd5 17. Ne3 dxc4 18. Nd5 Nxd5 19. Qxd5+ Kh8 20. Rac1 Nd3 21. Qxd3 b5 22. Nb2 Rxf4 23. Qe3 Rf8 24. bxc4 b4 25. Nd3 a5 26. c5 Ba6 27. Rfe1 Bf6 28. Nf4 Qa7 29. Nd5 dxc5 30. Nxf6 gxf6 31. f4 Rae8 32. Qxe8 Rxe8 33. Rxe8+ Kg7 34. Rce1 c4+ 35. Kh1 Qf2 36. R8e2 Qd4 37. Re4 Qf2 38. R4e2 Qc5 39. Re6 Bb5 40. Re7+ Kf8 41. Rb7 Bc6 42. Rxh7 Bxg2+ 43. Kxg2 c3 44. Rd1 Ke8 45. Rdd7 Qc6+ 46. Kf2 Qxd7 47. Rxd7 Kxd7 48. Ke3 f5 1/2-1/2

[Event "Athens ChessSquare Celebration op"]
[Site "Athens"]
[Date "2016.11.05"]
[Round "1"]
[White "Skalkotas, Nikolaos"]
[Black "Megaloudis, Petros"]
[Result "1-0"]
[WhiteElo "2106"]
[BlackElo "1453"]
[PlyCount "57"]
[EventDate "2016.11.05"]
[EventType "swiss"]
[EventRounds "7"]
[EventCountry "GRE"]
[SourceTitle "EXT 2024"]
[Source "ChessBase"]
[SourceDate "2023.10.10"]
[SourceVersion "1"]
[SourceVersionDate "2023.10.10"]
[SourceQuality "1"]

1. c4 c5 2. Nf3 Nc6 3. d4 cxd4 4. Nxd4 Nf6 5. Nc3 a6 6. g3 h6 7. Bg2 e6 8. 0-0 Bc5 9. Nb3 Bb4 10. Qc2 Qe7 11. Na4 Qd8 12. c5 Ba5 13. Nxa5 Nxa5 14. Nb6 Ra7 15. Bf4 0-0 16. Bb8 Nc6 17. Bxc6 bxc6 18. Bxa7 Qc7 19. Nxc8 Rxc8 20. Bb6 Qb7 21. Ba5 Rb8 22. Bc3 Nd5 23. Be5 Re8 24. e4 Ne7 25. Qc3 Ng6 26. Bxg7 e5 27. Bxh6 f6 28. Rad1 Kh7 29. Bc1 1-0

[Event "Athens Iraklion op 19th"]
[Site "Athens"]
[Date "2016.06.19"]
[Round "2"]
[White "Kondopoulos, Dimitrios"]
[Black "Skalkotas, Nikolaos"]
[Result "1-0"]
[WhiteElo "1945"]
[BlackElo "2134"]
[PlyCount "101"]
[EventDate "2016.06.18"]
[EventType "swiss"]
[EventRounds "9"]
[EventCountry "GRE"]
[SourceTitle "CBM 173 Extra"]
[Source "ChessBase"]
[SourceDate "2016.08.29"]
[SourceVersion "1"]
[SourceVersionDate "2016.08.29"]
[SourceQuality "1"]

1. e4 e5 2. Nf3 Nc6 3. Nc3 g6 4. d4 exd4 5. Nxd4 Bg7 6. Be3 Nge7 7. Qd2 0-0 8. 0-0-0 d6 9. h4 h5 10. Be2 Nxd4 11. Bxd4 Bxd4 12. Qxd4 Nc6 13. Qe3 Ne5 14. f3 Kg7 15. Qd4 f6 16. g4 hxg4 17. f4 Nc6 18. Qg1 f5 19. exf5 gxf5 20. h5 Kh6 21. Bc4 Na5 22. Bd5 c6 23. Bg2 Qf6 24. Rd4 d5 25. b3 Be6 26. Qf2 Bf7 27. Qd2 b6 28. Re1 Rae8 29. Rh1 Nb7 30. Kb1 Nd6 31. Ra4 Re7 32. Ne2 Nb5 33. Nd4 Nxd4 34. Rxd4 Rfe8 35. Qd1 Re2 36. Rd2 R2e3 37. c4 dxc4 38. bxc4 Bxc4 39. Bxc6 R8e6 40. Bd7 Re7 41. Rd6 Be6 42. Qd2 Re4 43. Bc6 Rc4 44. Bd5 Rd4 45. Qb2 Qg7 46. Rxe6+ Rxe6 47. Bxe6 Rxf4 48. Qd2 Qg5 49. Qd6 Rf2 50. Bxf5+ Kg7 51. h6+ 1-0

[Event "Athens Chess Square op"]
[Site "Athens"]
[Date "2016.05.08"]
[Round "7"]
[White "Skalkotas, Nikolaos"]
[Black "Stefanatos, Nikolaos"]
[Result "1-0"]
[WhiteElo "2128"]
[BlackElo "1877"]
[PlyCount "77"]
[EventDate "2016.05.02"]
[EventType "swiss"]
[EventRounds "7"]
[EventCountry "GRE"]
[SourceTitle "CBM 172 Extra"]
[Source "ChessBase"]
[SourceDate "2016.06.21"]
[SourceVersion "1"]
[SourceVersionDate "2016.06.21"]
[SourceQuality "1"]

1. c4 Nf6 2. Nc3 e6 3. d4 d5 4. Nf3 Be7 5. g3 dxc4 6. Bg2 0-0 7. 0-0 c5 8. dxc5 Bxc5 9. Qxd8 Rxd8 10. Ne5 Nc6 11. Nxc4 Bd7 12. Bf4 Be8 13. Rfd1 Rxd1+ 14. Rxd1 Rd8 15. Bd6 Bb4 16. Bxc6 Bxc3 17. Bxb7 Bb4 18. Rd3 Bxd6 19. Nxd6 Rb8 20. b4 Kf8 21. a3 Bd7 22. f4 Ke7 23. Bf3 Ne8 24. Nb7 Bb5 25. Rd2 Nf6 26. Nc5 Nd7 27. a4 Nxc5 28. axb5 Nb3 29. Rd3 Nc1 30. Rc3 Na2 31. Rc7+ Kf6 32. Rxa7 Nxb4 33. Rb7 Rc8 34. b6 Rc1+ 35. Kf2 Rb1 36. Ra7 Nd5 37. b7 Rb6 38. Bxd5 exd5 39. Ra6 1-0

[Event "EU-chT Seniors 50"]
[Site "Chalkidiki"]
[Date "2016.04.24"]
[Round "5.3"]
[White "Skalkotas, Nikolaos"]
[Black "Kivimaki, Jaakko"]
[Result "0-1"]
[WhiteElo "2160"]
[BlackElo "2158"]
[PlyCount "92"]
[EventDate "2016.04.19"]
[EventType "team-tourn"]
[EventRounds "7"]
[EventCountry "GRE"]
[SourceTitle "CBM 172 Extra"]
[Source "ChessBase"]
[SourceDate "2016.06.21"]
[SourceVersion "1"]
[SourceVersionDate "2016.06.21"]
[SourceQuality "1"]
[WhiteTeam "Greece"]
[BlackTeam "Heart of Finland"]
[WhiteTeamCountry "GRE"]
[BlackTeamCountry "FIN"]

1. Nf3 d5 2. g3 Nf6 3. Bg2 e6 4. 0-0 b5 5. d3 a5 6. e4 c6 7. Bf4 Be7 8. Nbd2 Ba6 9. a4 b4 10. Re1 h6 11. d4 Qb6 12. c4 bxc3 13. bxc3 0-0 14. Rb1 Qa7 15. Ne5 Nfd7 16. Nxc6 Nxc6 17. exd5 Nd8 18. d6 Bf6 19. Qh5 Bd3 20. Ne4 Bxd4 21. cxd4 Bxb1 22. Rxb1 Qxd4 23. Rd1 Qb2 24. Nc5 Ra7 25. Nxd7 Rxd7 26. Qxa5 Nb7 27. Qe1 Qb6 28. Qc3 Rfd8 29. Be3 Qa6 30. Bf1 Qxa4 31. Rd4 Qa5 32. Qb2 Nxd6 33. Rg4 Nf5 34. Bxh6 Rd4 35. Rxd4 Rxd4 36. Bf4 Qe1 37. Qe2 Qb1 38. Qe5 Kh7 39. Qc7 Rd1 40. Qc4 Nd4 41. Kg2 Qe4+ 42. Kh3 g5 43. Bxg5 Qf5+ 44. Kg2 Qxg5 45. Bd3+ Nf5 46. h4 Qg7 0-1

[Event "Athens Georgiou Memorial 2nd"]
[Site "Athens"]
[Date "2016.04.09"]
[Round "6"]
[White "Skalkotas, Nikolaos"]
[Black "Nikolaou, Georgios"]
[Result "0-1"]
[WhiteElo "2168"]
[BlackElo "2318"]
[PlyCount "64"]
[EventDate "2016.02.27"]
[EventType "swiss"]
[EventRounds "7"]
[EventCountry "GRE"]
[SourceTitle "EXT 2024"]
[Source "ChessBase"]
[SourceDate "2023.10.10"]
[SourceVersion "1"]
[SourceVersionDate "2023.10.10"]
[SourceQuality "1"]

1. d4 Nf6 2. c4 e6 3. g3 d5 4. Nf3 Be7 5. Bg2 0-0 6. 0-0 dxc4 7. Qc2 a6 8. Qxc4 b5 9. Qc2 Bb7 10. Bd2 Nc6 11. Nc3 Nxd4 12. Nxd4 Bxg2 13. Nxe6 Qc8 14. Nxf8 Qh3 15. f3 Bxf1 16. Rxf1 Rxf8 17. Ne4 Qe6 18. Nf2 Qxa2 19. Qxc7 Qxb2 20. Qxe7 Qxd2 21. Rd1 Qa5 22. Ne4 Nxe4 23. fxe4 Qb6+ 24. Kg2 b4 25. Rd6 Qc5 26. e5 b3 27. Qb7 Qxe5 28. Rxa6 Qxe2+ 29. Kh3 Qf1+ 30. Kh4 b2 31. Rb6 Rd8 32. Qd7 g5+ 0-1

[Event "Ambelokipi op 154th"]
[Site "Athens"]
[Date "2015.07.07"]
[Round "6"]
[White "Papadimitriou, Loukas"]
[Black "Skalkotas, Nikolaos"]
[Result "1/2-1/2"]
[WhiteElo "2058"]
[BlackElo "2188"]
[PlyCount "40"]
[EventDate "2015.06.29"]
[EventType "swiss"]
[EventRounds "7"]
[EventCountry "GRE"]
[SourceTitle "EXT 2024"]
[Source "ChessBase"]
[SourceDate "2023.10.10"]
[SourceVersion "1"]
[SourceVersionDate "2023.10.10"]
[SourceQuality "1"]

1. d4 Nf6 2. Bg5 Ne4 3. Bf4 d5 4. e3 e6 5. Nf3 Be7 6. Nbd2 Nd7 7. c4 f5 8. Bd3 c6 9. 0-0 0-0 10. Ne5 Nxe5 11. Bxe5 Nxd2 12. Qxd2 Bf6 13. Bxf6 Qxf6 14. f4 b6 15. Qb4 Qd8 16. c5 a5 17. Qxb6 Qxb6 18. cxb6 Ba6 19. Bxa6 Rxa6 20. Rfc1 Rxb6 1/2-1/2

[Event "Athens ChessSquare Spring op"]
[Site "Athens"]
[Date "2015.06.27"]
[Round "7"]
[White "Skalkotas, Nikolaos"]
[Black "Ilandzis, Spyridon"]
[Result "1-0"]
[WhiteElo "2187"]
[BlackElo "2132"]
[PlyCount "189"]
[EventDate "2015.05.09"]
[EventType "swiss"]
[EventRounds "7"]
[EventCountry "GRE"]
[SourceTitle "EXT 2024"]
[Source "ChessBase"]
[SourceDate "2023.10.10"]
[SourceVersion "1"]
[SourceVersionDate "2023.10.10"]
[SourceQuality "1"]

1. d4 Nf6 2. g3 e6 3. c4 c5 4. Nf3 cxd4 5. Nxd4 Bb4+ 6. Nc3 Ne4 7. Qd3 Qa5 8. Ndb5 a6 9. Qxe4 axb5 10. Bd2 bxc4 11. Qxc4 Nc6 12. Rc1 d5 13. Qg4 d4 14. Qxg7 Rf8 15. Ne4 Bxd2+ 16. Nxd2 Qd5 17. Rg1 Rxa2 18. Bg2 Qa5 19. Bxc6+ bxc6 20. Qxd4 Ba6 21. f4 Qb5 22. Nc4 Qb4+ 23. Qd2 Qxd2+ 24. Nxd2 Rxb2 25. Rxc6 Bb7 26. Rc3 Ke7 27. Rb3 Rxb3 28. Nxb3 Ra8 29. Kf2 Ra2 30. Ra1 Rxa1 31. Nxa1 Kf6 32. Nc2 e5 33. Ke3 Kf5 34. fxe5 Kxe5 35. Nd4 Bd5 36. g4 Bb7 37. Nf3+ Kf6 38. Kf4 Ba6 39. e3 Kg7 40. Kg5 Bc8 41. Nd4 h6+ 42. Kf4 Bb7 43. h4 Bc8 44. Nf5+ Kh7 45. Ke5 Be6 46. Kf6 Bb3 47. Nd6 Kg8 48. Nf5 Kh7 49. Ne7 Be6 50. Nc6 Bb3 51. Nd4 Bc4 52. e4 Ba2 53. Nf5 Bb3 54. Ke5 Be6 55. Kf6 Bb3 56. e5 Ba2 57. Ng7 Bc4 58. Ne8 Bb3 59. Nd6 Kg8 60. Ne4 Bd5 61. Nc5 Bc4 62. Ne4 Bd5 63. Nf2 Be6 64. h5 Bc8 65. g5 hxg5 66. Kxg5 Be6 67. Ng4 Kh8 68. Nf6 Bc4 69. Kf4 Kg7 70. Kg5 Bd3 71. Ne8+ Kf8 72. Nd6 Kg7 73. h6+ Kg8 74. Ne8 Bc2 75. Nf6+ Kh8 76. Kf4 Bg6 77. Ke3 Bf5 78. Kd4 Be6 79. Kc5 Bb3 80. Kd6 Bc4 81. Kd7 Bb5+ 82. Kd8 Bc4 83. Ne8 Kg8 84. Ke7 Bb3 85. Kf6 Bd5 86. Nd6 Bb3 87. Nxf7 Kh7 88. e6 Bd5 89. e7 Bc6 90. Kg5 Bb5 91. Nd6 Bd7 92. e8Q Bxe8 93. Nxe8 Kh8 94. Kg6 Kg8 95. Nd6 1-0

[Event "Ambelokipi op 153th"]
[Site "Athens"]
[Date "2015.06.03"]
[Round "5"]
[White "Delithanasis, Dimitrios"]
[Black "Skalkotas, Nikolaos"]
[Result "1/2-1/2"]
[WhiteElo "2174"]
[BlackElo "2187"]
[PlyCount "65"]
[EventDate "2015.05.06"]
[EventType "swiss"]
[EventRounds "7"]
[EventCountry "GRE"]
[SourceTitle "EXT 2024"]
[Source "ChessBase"]
[SourceDate "2023.10.10"]
[SourceVersion "1"]
[SourceVersionDate "2023.10.10"]
[SourceQuality "1"]

1. d4 Nf6 2. c4 g6 3. Nc3 Bg7 4. e4 d6 5. Nge2 0-0 6. Ng3 e5 7. dxe5 dxe5 8. Qxd8 Rxd8 9. Nd5 Nxd5 10. cxd5 c6 11. Bc4 cxd5 12. Bxd5 Nc6 13. Bg5 Rd6 14. 0-0-0 Nd4 15. Be7 Rd7 16. Bb4 Rc7+ 17. Kb1 Be6 18. Bxe6 Nxe6 19. Ne2 Rc4 20. Bc3 Rxe4 21. Ng3 Rc4 22. Rd7 Rb8 23. Rhd1 Nf8 24. Re7 f6 25. Rd6 f5 26. Bxe5 Bxe5 27. Rxe5 Rbc8 28. Rd1 Kf7 29. b3 R4c5 30. Re2 Re8 31. f4 Re7 32. Rxe7+ Kxe7 33. Ne2 1/2-1/2

[Event "Wch Seniors 65 24th"]
[Site "Katerini"]
[Date "2014.10.26"]
[Round "3"]
[White "Skalkotas, Nikolaos"]
[Black "Carlsten, Peter"]
[Result "1/2-1/2"]
[WhiteElo "2150"]
[BlackElo "2031"]
[PlyCount "48"]
[EventDate "2014.10.24"]
[EventType "swiss"]
[EventRounds "11"]
[EventCountry "GRE"]
[SourceTitle "EXT 2015"]
[Source "ChessBase"]
[SourceDate "2014.11.20"]
[SourceVersion "1"]
[SourceVersionDate "2014.11.20"]
[SourceQuality "1"]

1. Nf3 f5 2. d4 Nf6 3. Bg5 e6 4. Nbd2 d5 5. e3 Be7 6. Ne5 0-0 7. Bd3 b6 8. Qe2 Bb7 9. h3 Ne4 10. Bf4 Nd7 11. Nxd7 Qxd7 12. Nf3 a5 13. Ne5 Qc8 14. 0-0 c5 15. c4 Nd6 16. Rac1 dxc4 17. Nxc4 Nxc4 18. Bxc4 Bd5 19. Bxd5 exd5 20. Qb5 Qe6 21. a4 Rfc8 22. Be5 c4 23. f4 Qc6 24. g4 Qxb5 1/2-1/2